Development of broching tool / (Record no. 1894)

MARC details
000 -LEADER
fixed length control field 02796nam a22003377a 4500
003 - CONTROL NUMBER IDENTIFIER
control field OSt
005 - DATE AND TIME OF LATEST TRANSACTION
control field 20240401192944.0
008 - FIXED-LENGTH DATA ELEMENTS--GENERAL INFORMATION
fixed length control field 220814b ||||| |||| 00| 0 eng d
040 ## - CATALOGING SOURCE
Original cataloging agency CvSU-CCAT Campus Library.
Language of cataloging English.
Transcribing agency CvSU-CCAT Campus Library.
Description conventions rda.
050 ## - LIBRARY OF CONGRESS CALL NUMBER
Classification number UM TJ 1185
Item number M66 2017
100 ## - MAIN ENTRY--PERSONAL NAME
Personal name Montecillo, Jeferson G., Author
9 (RLIN) 6445
245 ## - TITLE STATEMENT
Title Development of broching tool /
Statement of responsibility, etc. Jeferson C. Montecillo, Catherine Ann C. Naling, and Christian Jay M. Rendora.
260 ## - PUBLICATION, DISTRIBUTION, ETC.
Place of publication, distribution, etc. Rosario, Cavite :
Name of publisher, distributor, etc. Cavite State University-CCAT Campus,
Date of publication, distribution, etc. 2017.
300 ## - PHYSICAL DESCRIPTION
Extent xiii, 45 leaves :
Other physical details lllustrations ;
Dimensions 28 cm
500 ## - GENERAL NOTE
General note Design Project (BSIT) Major in Mechanical Technology--Cavite State University-CCAT Campus, 2017.<br/>
504 ## - BIBLIOGRAPHY, ETC. NOTE
Bibliography, etc. note Includes bibliographical references and appendices.
520 ## - SUMMARY, ETC.
Summary, etc. ABSTRACT<br/><br/>MONTECILLO, JEFERSON G., NALING, CATHERINE ANN C., AND RENDORA, CRISTIAN JAY M. Development of Broaching Tool. Undergraduate Thesis. Bachelor of Science and Industrial Technology Major in Mechanical Technology. Cavite State University Rosario Campus-Rosario, Cavite. March 2016. Adviser: Mr. Nestor Alvarez. Technical critic: Mr. Romulo B. Isorena.<br/><br/> The study was conducted from July 2015 to February 2016 to develop and evaluate broaching tool. This study aimed to; 1) design broaching tools; 2) construct broaching tool using available materials in the local market; 3) evaluate the performance of the prototype in terms of accuracy and time of broaching ; 4) conduct cost analysis for the fabrication of the project. <br/><br/>Broaching tool was constructed with 3 different broaching tools in different sizes such as 1mm, 2mm and 3mm. It was use with the help of five (5) different guides of different diameter. Each guide was inserted in accordance to the diameter and size of the hole of the work piece. Each guide have seam used to adjust the broaching tool to its desired or required depth of the keyway. <br/><br/>The use of the guide was to place the broaching tool to its position and cut the keyway right at the center of the workpiece, making it precise and accurate. It is easy and faster to use. The overall efficiency of the broaching tool was to make an accurate and precise keyway on holes faster and easier.<br/>
546 ## - LANGUAGE NOTE
Language note In English text.
650 ## - SUBJECT ADDED ENTRY--TOPICAL TERM
Topical term or geographic name entry element Machine-tools.
9 (RLIN) 1998
650 ## - SUBJECT ADDED ENTRY--TOPICAL TERM
Topical term or geographic name entry element Machining.
9 (RLIN) 970
650 ## - SUBJECT ADDED ENTRY--TOPICAL TERM
Topical term or geographic name entry element Broaching tools.
9 (RLIN) 6446
650 ## - SUBJECT ADDED ENTRY--TOPICAL TERM
Topical term or geographic name entry element Accuracy.
9 (RLIN) 6228
650 ## - SUBJECT ADDED ENTRY--TOPICAL TERM
Topical term or geographic name entry element Prototype.
9 (RLIN) 5953
650 ## - SUBJECT ADDED ENTRY--TOPICAL TERM
Topical term or geographic name entry element Cost analysis.
9 (RLIN) 5484
700 ## - ADDED ENTRY--PERSONAL NAME
Personal name Naling, Catherine Ann C., author.
9 (RLIN) 6447
700 ## - ADDED ENTRY--PERSONAL NAME
Personal name Rendora, Christian Jay M., author.
9 (RLIN) 6448
700 ## - ADDED ENTRY--PERSONAL NAME
Personal name Alvarez, Nestor M., adviser.
9 (RLIN) 5915
700 ## - ADDED ENTRY--PERSONAL NAME
Personal name Isorena, Romulo B., technical critic.
9 (RLIN) 5993
942 ## - ADDED ENTRY ELEMENTS (KOHA)
Koha item type Thesis/Manuscripts/Dissertations
Classification part TJ 1185 M66 2017
Call number prefix UM
Source of classification or shelving scheme Library of Congress Classification
Holdings
Withdrawn status Lost status Source of classification or shelving scheme Damaged status Not for loan Collection code Home library Current library Shelving location Date acquired Coded location qualifier Full call number Barcode Date last seen Copy number Price effective from Koha item type
    Library of Congress Classification     Thesis/Manuscript/Dissertation Cavite State University - CCAT Campus Cavite State University - CCAT Campus TH 08/16/2022 UM UM TJ 1185 M66 2017 T0002974 10/24/2025 c.1 08/16/2022 Thesis/Manuscripts/Dissertations
    Library of Congress Classification     Thesis/Manuscript/Dissertation Cavite State University - CCAT Campus Cavite State University - CCAT Campus TH 08/16/2022 UM UM TJ 1185 M66 2017 T0005245 10/24/2025 c.2 08/16/2022 Thesis/Manuscripts/Dissertations